Danmarks statsministre - Statistics

General Stats
  • This quiz has been taken 111 times
  • The average score is 16 of 42
Answer Stats
Statsminister Årstal Parti % Correct
Lars Løkke Rasmussen 2009 - 2011 (første gang) Venstre
97%
Mette Frederiksen 2019 - nu Social- demokratiet
97%
Helle Thorning- Schmidt 2011 - 2015 Social- demokratiet
93%
Anders Fogh Rasmussen 2001 - 2009 Venstre
91%
Poul Nyrup Rasmussen 1993 - 2001 Social- demokratiet
85%
Poul Schlüter 1982 - 1993 Konservative Folkeparti
82%
Thorvald Stauning 1924 - 1926 (første gang) Social- demokratiet
78%
Anker Jørgensen 1972 - 1973 (første gang) Social- demokratiet
76%
Jens Otto Krag 1962 - 1968 (første gang) Social- demokratiet
55%
Hans Hedtoft Hansen 1947 - 1950 (første gang) Social- demokratiet
51%
Hans Christian Hansen 1955 - 1960 Social- demokratiet
50%
Erik Scavenius 1942 - 1945 Løsgænger
41%
Carl Theodor Zahle 1909 - 1910 (første gang) Radikale Venstre
38%
Hilmar Baunsgaard 1968 - 1971 Radikale Venstre
36%
Knud Kristensen 1945 - 1947 Venstre
36%
Erik Eriksen 1950 - 1953 Venstre
35%
Poul Hartling 1973 - 1975 Venstre
35%
Jacob Brønnum Scavenius Estrup 1875 - 1894 Nationale Godsejere/ Højre
32%
Viggo Kampmann 1960 - 1962 Social- demokratiet
32%
Vilhelm Buhl 1942 (første gang) Social- demokratiet
32%
Ditlev Gothard Monrad 1863 - 1864 National- liberale
30%
Jens Christian Christensen 1905 - 1908 Venstre
30%
Thomas Madsen-Mygdal 1926 - 1929 Venstre
28%
Otto Liebe 1920 Løsgænger
27%
Adam Wilhelm Moltke 1848 - 1852 Højre
26%
Niels Neergaard 1908 - 1909 (første gang) Venstre
23%
Carl Christian Hall 1857 - 1859 (første gang) National- liberale
20%
Christian Emil Frijs 1865 - 1870 Nationale Godsejere
19%
Michael Petersen Friis 1920 Løsgænger
19%
Anders Sandøe Ørsted 1853 - 1854 Løsgænger
18%
Christian Albrecht Bluhme 1852 - 1853 (første gang) Højre
16%
Klaus Berntsen 1910 - 1913 Venstre
16%
Peter Georg Bang 1854 - 1856 Løsgænger
16%
Ludvig Holstein- Holsteinborg 1870 - 1874 Mellempartiet
15%
Ludvig Holstein- Ledreborg 1909 Venstre
15%
Carl Christopher Georg Andræ 1856 - 1857 Løsgænger
14%
Johan Henrik Deuntzer 1901 - 1905 Venstre
14%
Carl Eduard Rotwitt 1859 - 1860 Bonde- vennerne
12%
Tage Reedtz-Thott 1894 - 1897 Højre
12%
Christen Andreas Fonnesbech 1874 - 1875 Nationale Godsejere
11%
Hannibal Sehested 1900 - 1901 Højre
11%
Hugo Egmont Hørring 1897 - 1900 Højre
11%
No matching quizzes found
Score Distribution
Percent of People with Each Score
Percentile by Number Answered
Your Score History
You have not taken this quiz